1474 1892 1141 1343 1860 1337 1453 1684 1889 1801 1979 1374 1238 1723 1911 1935 1408 1123 1649 1945 1156 1260 1207 1798 1728 1521 1475 1128 1144 1836 1548 1440 1597 1505 1029 1755 1732 1796 1959 1035 1191 1393 1451 1378 1373 1650 1986 1878 1654 1828 1833 1869 1597 1504 1257 1242 1094 1113 1157 1140 1707 1452 1881 1273 1713 1217 1683 1110 1751 1836 1153 1456 1713 1794 1062 1401 1724 1462 1183 1138 1836 1441 1442 1799 1165 1200 1713 1566 1226 1296 1293 1058 1550 1622 1255 1628 1115 1610 1620 BCNSPRNW ULIB Ver.6.0+V

เปลี่ยนเป็นภาษาไทย

Change to English
 แสดงรายละเอียดบรรณานุกรม
  กลับหน้าหลัก

Brief Record : Get Marc (ISO 2709) : E-mail record : QR code < ปิดหน้าต่าง
LEADER : 00000nam 2200000uu 4500
001    13399125556
003     ULIB
008    170627s2558||||th 000 0 tha d
020    ^a9786164063518
060 04 ^aW32.JT3^bว712ว
100 0  ^aวิโรจน์ ไววานิชกิจ
245 10 ^aเวชจริยศาสตร์การแพทย์และสาธารณสุขและกรณีศึกษาสำหรับแพทย์พยาบาลและบุคลากรทางการแพทย์ /^cโดย วิโรจน์ ไววานิชกิจ
250    ^aพิมพ์ครั้งที่ 1
260    ^aกรุงเทพฯ :^bโรงพิมพ์แห่งจุฬาลงกรณ์มหาวิทยาลัย,^c2558
300    ^a105 หน้า ;^c21 ซม.
650  4 ^aจรรยาบรรณแพทย์
650  4 ^aจรรยาบรรณพยาบาล
650  4 ^aบุคลากรทางการแพทย์
945    ^p0^l0^i002449
945    ^p0^l0^i002450
945    ^p0^l0^i002451
945    ^p0^l0^i002452
945    ^p0^l0^i002453
999    ^aวรรณษา ชูชัยมงคล
รายการนี้ยังไม่มีแท็ก
คุณยังไม่ได้ล็อกอิน คุณสามารถมีกิจกรรมร่วมกับเว็บไซต์ได้ แต่ต้องล็อกอินก่อน ::
  ล็อกอิน

รายการสื่อสารสนเทศ

ลำดับที่ ประเภท เลขเรียก/บาร์โค้ด สถานที่ สถานะ
1. วิทยาศาสตร์การแพทย์ และสุขภาพ
วิทยาศาสตร์การแพทย์ และสุขภาพ
สถานะ=หนังสือเก่า
W32.JT3 ว712ว ฉ.1 
  Barcode: 002449
ห้องสมุดวิทยาเขตสวรรค์ประชารักษ์
►ส่วนจัดเก็บหนังสือเก่า สปร
บนชั้น
  ขอยืม
2. วิทยาศาสตร์การแพทย์ และสุขภาพ
วิทยาศาสตร์การแพทย์ และสุขภาพ
สถานะ=หนังสือเก่า
W32.JT3 ว712ว ฉ.2 
  Barcode: 002450
ห้องสมุดวิทยาเขตสวรรค์ประชารักษ์
►ส่วนจัดเก็บหนังสือเก่า สปร
บนชั้น
  ขอยืม
3. วิทยาศาสตร์การแพทย์ และสุขภาพ
วิทยาศาสตร์การแพทย์ และสุขภาพ
สถานะ=หนังสือเก่า
W32.JT3 ว712ว ฉ.3 
  Barcode: 002451
ห้องสมุดวิทยาเขตสวรรค์ประชารักษ์
►ส่วนจัดเก็บหนังสือเก่า สปร
บนชั้น
  ขอยืม
4. วิทยาศาสตร์การแพทย์ และสุขภาพ
วิทยาศาสตร์การแพทย์ และสุขภาพ
สถานะ=หนังสือเก่า
W32.JT3 ว712ว ฉ.4 
  Barcode: 002452
ห้องสมุดวิทยาเขตสวรรค์ประชารักษ์
►ส่วนจัดเก็บหนังสือเก่า สปร
บนชั้น
  ขอยืม
5. วิทยาศาสตร์การแพทย์ และสุขภาพ
วิทยาศาสตร์การแพทย์ และสุขภาพ
สถานะ=หนังสือเก่า
W32.JT3 ว712ว ฉ.5 
  Barcode: 002453
ห้องสมุดวิทยาเขตสวรรค์ประชารักษ์
►ส่วนจัดเก็บหนังสือเก่า สปร
บนชั้น
  ขอยืม

รายการใกล้เคียง
    ผู้แต่ง [วิโรจน์ ไววานิชกิจ]

    หัวเรื่อง [จรรยาบรรณแพทย์]
    หัวเรื่อง [จรรยาบรรณพยาบาล]
    หัวเรื่อง [บุคลากรทางการแพทย์]

BibComment


ยังไม่เคยถูกคอมเมนท์

คอมเมนท์ทรัพยากรรายการนี้
  คอมเมนท์: เวชจริยศาสตร์การ..


 Copyright 2026. Bcnsprnw @Library